02919cam a2200457 a 45000010009000000050017000090080041000260100017000670200018000840200015001020240018001170350024001350400096001590420014002550500016002690820015002852450100003002460040004002460028004402500019004682640061004873000047005483360026005953370028006213380027006494900023006765040053006995051186007526500045019386500052019836500043020356500040020786500055021187000040021737000035022138300022022489060045022709420012023159990016023279520118023431872877720220209155331.0150804s2016 enka b 001 0 eng d a 2015948398 a9780199682300 a01996823053 a9780199682300 a(OCoLC)ocn918879108 aBTCTAbengcBTCTAdBDXdYDXCPdOCLCQdDEBSZdOCLCOdCUIdOCLCOdCHVBKdZCUdOCLCOdGZMdDLC alccopycat00aJZ5330.O84 04a341.2422304aThe Oxford handbook of comparative regionalism /cedited by Tanja A. Börzel and Thomas Risse.30aHandbook of comparative regionalism30aComparative regionalism aFirst edition. 1aOxford, United Kingdom :bOxford University Pressc2016. axvii, 677 pages :billustrations ;c26 cm. atextbtxt2rdacontent aunmediatedbn2rdamedia avolumebnc2rdacarrier1 a[Oxford handbooks] aIncludes bibliographical references and indexes. aContents : Introduction: Framework of the handbook and conceptual clarifications -- Old, new, and comparative regionalism: The history and scholarly development of the field -- Part 1 : Approaches to comparative regionalism : Theorizing regionalism: Cooperation, and governance -- Globalization, domestic politics, and regionalism -- The diffusion of regionalism -- Regionalism beyond EU-centrism -- Part 2 : Regional orders around the world : North America and transatlantic area -- Latin America -- Europe -- Eurasia -- Asia -- North Africa and middle east -- Sub-saharan Africa-- Part 3: Regional Governance: Regional security Governance -- Regional trade Governance -- Regional monetary and financial Governance -- Regional and development Governance -- Regional social and gender Governance -- Regional environmental Governance -- Regional migration Governance -- Regional human right and democracy governance -- Part 4: Comparing regional institutions: Regional institution design -- Regional dispute settlement -- Regional identities and communities -- The legitimacy of regional institutions -- Inter - and transregional -- Three cheers for comparative regionalism  0aRegionalism (International organization) 7aInternationale Politik.2gnd0(DE-588)4072885-7 7aRegionalismus.2gnd0(DE-588)4049037-3 7aGovernance.2gnd0(DE-588)4639012-1 7aInternationaler Vergleich.2gnd0(DE-588)4120509-11 aBörzel, Tanja A.,d1970-eeditor.1 aRisse-Kappen, Thomas,eeditor. 0aOxford handbooks. a7bcbcccopycatd2eepcnf20gy-gencatlg 2lcccBK c8646d16146 00102lcc4070aWIUC-1bWIUC-1cREFd2022-02-09l0oJZ5330.O84p9044/495/22r2022-02-09 00:00:00w2022-02-09yBK